|
003 -Nazwa inst., której nr kontr. jest w polu 001 [,]
|
-
- @
- Nazwa instytucji, której n kontrolny jest w polu 001
- NUKAT
|
|
005 -DATA I CZAS OSTATNIEJ MODYFIKACJI [,]
|
-
- @
- pole kontrolne
- 20250717014600.0
|
|
020 -Międzynarod. znormalizowany nr książki - ISBN [ , ]
|
-
- a
- Numer ISBN
- 9788392655497
|
|
040 -Instytucja sporządzająca opis [ , ]
|
-
- a
- Instytucja, która sporządziła opis (NP)
- WR U/ds
-
- b
- Język katalogowania
- pol
-
- e
- Zasady katalogowania
- rda
-
- c
- Instytucja, która sporządziła rekord (NP)
- WR U/ds
-
- d
- Instytucja, która zmodyfikowała rekord (P)
- WR U/jd
-
- d
- Instytucja, która zmodyfikowała rekord (P)
- WR U/JHs
-
- d
- Instytucja, która zmodyfikowała rekord (P)
- SZCZ m/HS
-
- d
- Instytucja, która zmodyfikowała rekord (P)
- WA LAZ/AZ
-
- d
- Instytucja, która zmodyfikowała rekord (P)
- GL 001/FAN
-
- d
- Instytucja, która zmodyfikowała rekord (P)
- WA 14/MBs
-
- d
- Instytucja, która zmodyfikowała rekord (P)
- SZCZ U/EP
|
|
041 -Język dokumentu [1, ]
|
-
- a
- Język tekstu (P)
- polski
-
- h
- Język tekstu oryginalnego i/lub pośredniego (P)
- angielski
|
|
942 -Rodzaj dokumentu [ , ]
|
-
- c
- Rodzaj dokumentu
- Książka
|
|
240 -Tytuł ujednolicony [1,0]
|
-
- a
- Tytuł ujednolicony
- TWI workbook
-
-
|
|
245 -Strefa tytułu i oznaczenia odpowiedzialności [1,0]
|
-
- a
- Tytuł
- Podręcznik TWI :
-
- b
- Ciąg dalszy tytułu (NP)
- doskonalenie niezbędnych umiejętności przełożonych /
-
- c
- Pozostałe elementy strefy tytułu i oznaczenia odpowiedzialności (NP)
- Patrick Graupp, Robert J. Wrona ; przedmowa do wydania polskiego: Tomasz Koch, Remigiusz Horbal, Tomasz Sobczyk ; tłumaczenie i opracowanie wersji polskiej: Tomasz Jeleniewski-Korzela, Marek Eisler.
|
|
246 -Wariant tytułu [3,0]
|
-
- a
- Tytuł (NP)
- Podręcznik Training Within Industry
|
|
250 -Strefa wydania [ , ]
|
-
- a
- Oznaczenie wydania (NP)
- Wydanie pierwsze w języku polskim.
|
|
260 -Strefa adresu wydawniczego [ , ]
|
-
- a
- Miejsce wydania (P)
- Wrocław :
-
- b
- Nazwa wydawcy (P)
- Wydawnictwo Lean Enterprise Institute Polska,
-
|
|
300 -Strefa opisu fizycznego [ , ]
|
-
- a
- Określenie formy książki i/lub objętość (NP)
- XXVIII, 189 stron :
-
- b
- Oznaczenie ilustracji (NP)
- ilustracje ;
-
-
- e
- Oznaczenie dokumentu towarzyszącego (NP)
- 1 dysk optyczny (CD-ROM ; 12 cm).
|
|
336 -Typ zawartości [ , ]
|
-
- a
- Termin opisujący typ zawartości
- Tekst
-
- b
- Kod określający zawartość
- txt
-
- 2
- Źródło (terminu i kodu)
- rdacontent
|
|
337 -Typ mediów [ , ]
|
-
- a
- Tryb odtwarzania
- Bez urządzenia pośredniczącego
-
-
- 2
- Źródło (terminu i kodu)
- rdamedia
|
|
338 -Typ/rodzaj nośnika [ , ]
|
-
- a
- Hasło opisujące typ nośnika
- Wolumin
-
-
- 2
- Źródło (terminu i kodu)
- rdacarrier
|
|
380 -Deskryptor - Forma dzieła (P) [ , ]
|
-
- a
- forma dzieła (NP)
- Książki
|
|
380 -Deskryptor - Forma dzieła (P) [ , ]
|
-
- a
- forma dzieła (NP)
- Publikacje dydaktyczne
|
|
388 -Deskryptor - czas powstania dzieła (P) [1, ]
|
-
- a
- Czas powstania dzieła (NP)
- 2001-
|
|
080 -Uniwersalna Klasyfikacja Dziesiętna [ , ]
|
-
- 2
- Identyfikator wydania tablic
- UDC-P058
-
-
- a
- Symbol klasyfikacji
- 658.310.8
-
- b
- Dopowiedzenie
- Zarządzanie personelem w przedsiębiorstwie.
-
-
- x
- Poddział wspólny
- (075.9)
-
- c
- Dopowiedzenie poddz. wspólnego
- (Podręczniki dla różnego rodzaju kursów szkoleniowych).
|
|
080 -Uniwersalna Klasyfikacja Dziesiętna [ , ]
|
-
- 2
- Identyfikator wydania tablic
- UDC-P058
-
-
- a
- Symbol klasyfikacji
- 331-057.17
-
- b
- Dopowiedzenie
- Menedżerowie.
-
-
- x
- Poddział wspólny
- (075.9)
-
- c
- Dopowiedzenie poddz. wspólnego
- (Podręczniki dla różnego rodzaju kursów szkoleniowych).
|
|
080 -Uniwersalna Klasyfikacja Dziesiętna [ , ]
|
-
- 2
- Identyfikator wydania tablic
- UDC-P058
-
-
- a
- Symbol klasyfikacji
- 377.2
-
- b
- Dopowiedzenie
- Szkolenie nie dające formalnych kwalifikacji zawodowych.
-
-
- x
- Poddział wspólny
- (075.9)
-
- c
- Dopowiedzenie poddz. wspólnego
- (Podręczniki dla różnego rodzaju kursów szkoleniowych).
|
|
080 -Uniwersalna Klasyfikacja Dziesiętna [ , ]
|
-
- 2
- Identyfikator wydania tablic
- UDC-P058
-
-
- a
- Symbol klasyfikacji
- 316.47
-
- b
- Dopowiedzenie
- Stosunki społeczne. Stosunki interpersonalne. Stosunki międzyludzkie. Stosunki między grupami a jednostkami.
-
-
- x
- Poddział wspólny
- (075.9)
-
- c
- Dopowiedzenie poddz. wspólnego
- (Podręczniki dla różnego rodzaju kursów szkoleniowych).
|
|
080 -Uniwersalna Klasyfikacja Dziesiętna [ , ]
|
-
- 2
- Identyfikator wydania tablic
- UDC-P058
-
-
- a
- Symbol klasyfikacji
- 338.45
-
- b
- Dopowiedzenie
- Przemysł. Produkcja rzemieślnicza i przemysłowa. Ekonomika przemysłu. Ekonomika produkcji. Polityka przemysłowa.
-
-
- x
- Poddział wspólny
- (075.9)
-
- c
- Dopowiedzenie poddz. wspólnego
- (Podręczniki dla różnego rodzaju kursów szkoleniowych).
|
|
650 -Hasło przedmiotowe [ ,7]
|
-
- a
- Hasło przedmiotowe
- Personel
-
- x
- Określnik rzeczowy
- kształcenie
-
- v
- Określnik formalny
- podręczniki.
-
-
|
|
650 -Hasło przedmiotowe [ ,7]
|
-
- a
- Hasło przedmiotowe
- Skuteczność organizacyjna
-
- v
- Określnik formalny
- podręczniki.
-
-
|
|
650 -Hasło przedmiotowe [ ,7]
|
-
- a
- Hasło przedmiotowe
- Doskonalenie zawodowe
-
-
|
|
650 -Hasło przedmiotowe [ ,7]
|
-
- a
- Hasło przedmiotowe
- Menedżerowie i menedżerki
-
-
|
|
650 -Hasło przedmiotowe [ ,7]
|
-
- a
- Hasło przedmiotowe
- Organizacja pracy
-
-
|
|
650 -Hasło przedmiotowe [ ,7]
|
-
- a
- Hasło przedmiotowe
- Produkcja
-
-
|
|
650 -Hasło przedmiotowe [ ,7]
|
-
- a
- Hasło przedmiotowe
- Relacje międzyludzkie
-
-
|
|
650 -Hasło przedmiotowe [ ,7]
|
-
- a
- Hasło przedmiotowe
- Szkolenie zawodowe
-
-
|
|
650 -Hasło przedmiotowe [ ,7]
|
-
- a
- Hasło przedmiotowe
- Organizacja
-
-
|
|
655 -Hasło w funkcji tematu formalnego [ ,7]
|
-
-
-
|
|
658 -Ujęcie treści [ , ]
|
-
- a
- dziedzina nauki i sztuki/ sfera aktywności życiowej
- Zarządzanie i marketing
|
|
980 -Symbol UKD [ , ]
|
-
- a
- UKD
- 658.310.8:331-057.17:377.2:316.47:338.45](075.9)
|
|
700 -Hasło dodatkowe - nazwa osobowa [1, ]
|
-
- a
- Nazwa osobowa (NP)
- Wrona, Robert J.
-
- e
- Określenie rodzaju współpracy
- Autor
-
|
|
700 -Hasło dodatkowe - nazwa osobowa [1, ]
|
-
- a
- Nazwa osobowa (NP)
- Koch, Tomasz
-
- d
- Daty biograficzne (NP)
- (1956- ).
-
- e
- Określenie rodzaju współpracy
- Przedmowa
-
|
|
700 -Hasło dodatkowe - nazwa osobowa [1, ]
|
-
- a
- Nazwa osobowa (NP)
- Horbal, Remigiusz.
-
- e
- Określenie rodzaju współpracy
- Przedmowa
-
|
|
700 -Hasło dodatkowe - nazwa osobowa [1, ]
|
-
- a
- Nazwa osobowa (NP)
- Sobczyk, Tomasz.
-
- e
- Określenie rodzaju współpracy
- Przedmowa
-
|
|
700 -Hasło dodatkowe - nazwa osobowa [1, ]
|
-
- a
- Nazwa osobowa (NP)
- Jeleniewski-Korzela, Tomasz.
-
- e
- Określenie rodzaju współpracy
- Tłumaczenie
-
|
|
700 -Hasło dodatkowe - nazwa osobowa [1, ]
|
-
- a
- Nazwa osobowa (NP)
- Eisler, Marek.
-
- e
- Określenie rodzaju współpracy
- Tłumaczenie
-
|
|
710 -Hasło dodatkowe - nazwa ciała zbiorowego [2, ]
|
-
- a
- Nazwa ciała zbiorowego lub nazwa geograficzna jako pierwszy element (NP)
- Lean Enterprise Institute.
-
- e
- Rodzaj współpracy
- Wydawca
-
-
|